[Event "FRA-chT U20"]
[Site "Mulhouse"]
[Date "2005.12.20"]
[Round "?"]
[White "Ketani, Yanis"]
[Black "Boudia, Rayan"]
[Result "1-0"]
[WhiteElo "1440"]
[BlackElo "1010"]
[PlyCount "31"]
[EventDate "2005.12.??"]
[EventType "team"]
[EventRounds "11"]
[EventCountry "FRA"]
[SourceTitle "EXT 2007"]
[Source "ChessBase"]
[SourceDate "2006.11.23"]
[SourceVersion "1"]
[SourceVersionDate "2006.11.23"]
[SourceQuality "1"]
[WhiteTeam "Vandoeuvre"]
[BlackTeam "AECE"]
[WhiteTeamCountry "FRA"]
[BlackTeamCountry "FRA"]

1. e4 e5 2. Nf3 Nc6 3. Bc4 Nf6 4. Ng5 h6 5. Nxf7 Qe7 6. Nxh8 Ng4 7. Qxg4 Qb4 8. Bf7+ Kd8 9. c3 Qc4 10. Ng6 Be7 11. Nxe7 d6 12. Nxc8 Rb8 13. Qxg7 Rxc8 14. Qf6+ Kd7 15. Qe6+ Kd8 16. Qe8# 1-0